Essays / (Record no. 19381)
[ view plain ]
| 000 -LEADER | |
|---|---|
| fixed length control field | 01174cam a22003255a 4500 |
| 001 - CONTROL NUMBER | |
| control field | 10200001 |
| 003 - CONTROL NUMBER IDENTIFIER | |
| control field | EG-ScBUE |
| 005 - DATE AND TIME OF LATEST TRANSACTION | |
| control field | 20220313125059.0 |
| 008 - FIXED-LENGTH DATA ELEMENTS--GENERAL INFORMATION | |
| fixed length control field | 950718s1993 enk f 000 edeng d |
| 020 ## - INTERNATIONAL STANDARD BOOK NUMBER | |
| International Standard Book Number | 9780140178975 |
| 040 ## - CATALOGING SOURCE | |
| Original cataloging agency | OBE |
| Language of cataloging | eng |
| Description conventions | rda |
| Transcribing agency | OBE |
| Modifying agency | OCLCQ |
| -- | BAKER |
| -- | OCLCG |
| -- | OCLCQ |
| -- | OCLCG |
| -- | YDXCP |
| -- | UKSCO |
| -- | IESTP |
| -- | EG-ScBUE |
| 041 1# - LANGUAGE CODE | |
| Language code of text/sound track or separate title | eng |
| Language code of original and/or intermediate translations of text | fre |
| 082 04 - DEWEY DECIMAL CLASSIFICATION NUMBER | |
| Classification number | 844.3 |
| Item number | MON |
| Edition number | 22 |
| 100 1# - MAIN ENTRY--PERSONAL NAME | |
| Personal name | Montaigne, Michel de, |
| Dates associated with a name | 1533-1592, |
| Relator term | author. |
| 245 10 - TITLE STATEMENT | |
| Title | Essays / |
| Statement of responsibility, etc | Michel de Montaigne ; translated with an introduction by J. M. Cohen. |
| 264 #1 - PUBLICATION, DISTRIBUTION, ETC. (IMPRINT) | |
| Place of publication, distribution, etc | London : |
| Name of publisher, distributor, etc | Penguin Books, |
| Date of publication, distribution, etc | 1993. |
| 300 ## - PHYSICAL DESCRIPTION | |
| Extent | 406 pages ; |
| Dimensions | 20 cm. |
| 336 ## - CONTENT TYPE | |
| Source | rdacontent |
| Content type term | text |
| Content type code | txt |
| 337 ## - MEDIA TYPE | |
| Source | rdamedia |
| Media type term | unmediated |
| Media type code | n |
| 338 ## - CARRIER TYPE | |
| Source | rdacarrier |
| Carrier type term | volume |
| Carrier type code | nc |
| 500 ## - GENERAL NOTE | |
| General note | First published in Penguim Classics 1958. |
| 546 ## - LANGUAGE NOTE | |
| Language note | Text in English ; translated from the original French. |
| 650 #7 - SUBJECT ADDED ENTRY--TOPICAL TERM | |
| Topical term or geographic name as entry element | French essays |
| Chronological subdivision | 16th century. |
| Source of heading or term | BUEsh |
| 650 #7 - SUBJECT ADDED ENTRY--TOPICAL TERM | |
| Topical term or geographic name as entry element | French essays |
| Form subdivision | Translations into English. |
| Chronological subdivision | BUEsh |
| Source of heading or term | BUEsh |
| 651 ## - SUBJECT ADDED ENTRY--GEOGRAPHIC NAME | |
| Source of heading or term | BUEsh |
| 653 ## - INDEX TERM--UNCONTROLLED | |
| Arrived date list | May2015 |
| Resource For college | Humanities: English |
| 655 ## - INDEX TERM--GENRE/FORM | |
| Form subdivision | Reading book |
| 9 (RLIN) | 34232 |
| 700 1# - ADDED ENTRY--PERSONAL NAME | |
| Personal name | Cohen, J. M. |
| Fuller form of name | (John Michael), |
| Dates associated with a name | 1903-1989, |
| Relator term | translator. |
| 942 ## - ADDED ENTRY ELEMENTS (KOHA) | |
| Source of classification or shelving scheme | Dewey Decimal Classification |
| Call number prefix | 844.3 MON |
| Koha item type | Book - Borrowing |
| Withdrawn status | Lost status | Source of classification or shelving scheme | Damaged status | Not for loan | Collection code | Home library | Current library | Shelving location | Date acquired | Source of acquisition | Cost, normal purchase price | Serial Enumeration / chronology | Total Checkouts | Total Renewals | Full call number | Barcode | Date last seen | Date checked out | Cost, replacement price | Price effective from | Koha item type |
|---|---|---|---|---|---|---|---|---|---|---|---|---|---|---|---|---|---|---|---|---|---|
| Dewey Decimal Classification | Baccah | Central Library | Central Library | Second Floor | 19/05/2015 | 71.00 | 22353 | 2 | 59 | 844.3 MON | 000038248 | 15/07/2025 | 28/09/2016 | 89.00 | 19/05/2015 | Book - Borrowing |